Ο ελληνισμός στον 19ο αιώνα : ιδεολογικές και αισθητικές αναζητήσεις
Αποθηκεύτηκε σε:
| Άλλοι συγγραφείς: | , |
|---|---|
| Μορφή: | Βιβλίο |
| Γλώσσα: | Greek |
| Δημοσίευση: |
Αθήνα :
Καστανιώτης,
2006
|
| Θέματα: | |
| Ετικέτες: |
Προσθήκη ετικέτας
Δεν υπάρχουν, Καταχωρήστε ετικέτα πρώτοι!
|
MARC
| LEADER | 00000cam a2200000 i 4500 | ||
|---|---|---|---|
| 001 | 1/2908 | ||
| 008 | 100112s2006 gre d | ||
| 020 | |a 960-03-3945-7 | ||
| 035 | |l 10106189 | ||
| 040 | |a GR-MY-UA |b gre |e aacr | ||
| 041 | 0 | |a gre | |
| 082 | 0 | |a 938.602 |2 (22) | |
| 245 | 1 | 2 | |a Ο ελληνισμός στον 19ο αιώνα : |b ιδεολογικές και αισθητικές αναζητήσεις / |c Παντελής Βουτουρής - Γιώργος Γεωργής επιμέλεια |
| 260 | |a Αθήνα : |b Καστανιώτης, |c 2006 | ||
| 300 | |a 357 σ.; |c 24 εκ. | ||
| 504 | |a Περιέχει βιβλιογραφικές παραπομπές και ευρετήρια | ||
| 651 | 0 | |a Greece |x Intellectual life |y 19th century. | |
| 651 | 0 | |a Greece |x History |y 19th century. | |
| 700 | 1 | |a Βουτουρής, Παντελής, |d 1956- |4 edt | |
| 700 | 1 | |a Γεωργής, Γιώργος, |d 1946- |4 edt | |
| 852 | |a INST |b LESVOS |e 20100112 |h 938.602 ΕΛΛ |p 005100045942 |q 005100045942 |t BK |y 0 | ||
| 901 | |a BIBL1-2010-1 | ||
| 909 | |a Λ |b 160097 | ||
| 970 | |a ΚΑΡΑ |b ΓΙΑΣΕΜΗ |z 2010/01/12 | ||